| 000 | 00978nam a2200313Ia 4500 | ||
|---|---|---|---|
| 001 | Para_7694 | ||
| 003 | CHAP | ||
| 008 | 220125s1997 xx 000 0 und d | ||
| 010 | _a206713 | ||
| 020 | _a968 - 884 - 397 - 0 | ||
| 040 | _cCHAP | ||
| 082 | _aPA 338.17431 G66 | ||
| 100 | 1 |
_aGómez Cruz, Manuel Ángel _9173018 |
|
| 245 |
_aLa agroindustria de naranja en México / _c Manuel A. Gómez Cruz, Rita Schwentesius Rindermann |
||
| 260 |
_aMéxico : _b UACh, CIESTAAM : _b SAGAR |
||
| 300 | _a183 p. | ||
| 440 |
_aColección estructura y dinamica de los sistemas agroindustriales _924851 |
||
| 650 |
_aCitricos _924392 |
||
| 650 |
_aNaranja _x aspectos económicos _980133 |
||
| 650 |
_aNaranja _x industria _980170 |
||
| 650 |
_aNaranja _x México _980177 |
||
| 901 | _aPA 338.17431 G66 | ||
| 902 | _aM | ||
| 905 | _a4232201997 mx n 8000000300spa26 | ||
| 910 | _a1997 | ||
| 942 | _cPARA | ||
| 942 |
_cPARA _d1 |
||
| 999 |
_c206713 _d206713 |
||